Ενημερωτικό Δελτίο / Για την Αύξηση του Μετοχικού Κεφαλαίου (Record no. 5198)
[ view plain ]
| 000 -LEADER | |
|---|---|
| fixed length control field | 01725cam a22001694a 4500 |
| 005 - ΗΜΕΡΟΜΗΝΙΑ ΚΑΙ ΩΡΑ ΤΕΛΕΥΤΑΙΑΣ ΕΝΗΜΕΡΩΣΗΣ | |
| Πεδίο ελέγχου | 20250605163454.0 |
| 008 - FIXED-LENGTH DATA ELEMENTS--GENERAL INFORMATION | |
| Πεδίο ελέγχου σταθερού μήκους | 250528s ||||||||||||||||||||||||d |
| 035 ## - SYSTEM CONTROL NUMBER | |
| System control number | 19964 |
| 040 ## - ΠΗΓΗ ΚΑΤΑΛΟΓΟΓΡΑΦΗΣΗΣ | |
| Φορέας πρωτότυπης καταλογογράφησης | MC Athens Campus Library |
| Γλώσσα καταλογογράφησης | Ελληνικά, Μοντέρνα (1453-) |
| Modifying agency | MC Athens Campus Library |
| Κανόνες περιγραφικής καταλογογράφησης | AACR2 |
| 245 1# - ΤΙΤΛΟΣ ΚΑΙ ΔΗΛΩΣΗ ΥΠΕΥΘΥΝΟΤΗΤΑΣ | |
| Τίτλος | Ενημερωτικό Δελτίο / Για την Αύξηση του Μετοχικού Κεφαλαίου |
| 260 ## - PUBLICATION, DISTRIBUTION, ETC. | |
| Name of publisher, distributor, etc. | Εθνική Τράπεζα Της Ελλάδος, |
| Date of publication, distribution, etc. | 1999 |
| 300 ## - PHYSICAL DESCRIPTION | |
| Extent | 216 |
| 520 ## - SUMMARY, ETC. | |
| Summary, etc. | 26 Απριλίου - 28 Μαίου 1999. Συνοπτικά Στοιχεία Έκδοσης, Συνοπτικά Οικονομικά Στοιχεία της Τράπεζας και του Ομίλου, Πληροφορίες για τη Σύνταξη του Ενημερωτικού Δελτίου και τους Ελεγκτές της Τράπεζας, Αύξηση του Μετοχικού Κεφαλαίου και Διδικασία Διάθεσης των Νέων Μετοχών, Δικαιώματα Μετοχών, Πληροφορίες για την Τράπεζα, Ο Τραπεζικός Κλάδος στην Ελλάδα, Απολογιστικά Στοιχεία Δραστηριότητας της Τράπεζας Χρήσεων 1994-1998, Απολογιστικά Στοιχεία Δραστηριότητας του Ομίλου Χρήσεων 1994-1998, Ομολογιακά Δάνεια της Τράπεζας, Αναπτυξιακοί Στόχοι - Προοπτικές της Τράπεζας, Χρηματιστηριακή Πορεία - Χαρακτηριστικά Μετοχής, Μερισματική Πολιτική, Τιμή Διάθεσης των Νέων Μετοχών. |
| 942 ## - ADDED ENTRY ELEMENTS (KOHA) | |
| Koha item type | Books |
| Τύπος τεκμηρίου | Βιβλιοθήκη | Τρέχουσα τοποθεσία | Barcode | Αριθμός εισαγωγής | Ημερομηνία απόκτησης | Ταξιθετικό σύμβολο | Αριθμός αντιτύπου | Κατάσταση απόσυρσης | Κατάσταση χαμένου | Κατάσταση κατεστραμμένου | Μη δανεισμός | Σύνολο δανεισμών | Ημερομηνία τελευταίας εμφάνισης | Η τιμή ισχύει από |
|---|---|---|---|---|---|---|---|---|---|---|---|---|---|---|
| Books | MC Athens Campus Library | MC Athens Campus Library | 9780000051974 | 6174 | 05/06/2025 | REF 332.109 GRE | 1 | 05/06/2025 | 05/06/2025 |